Miasta ubiegające się o status miasta na prawach powiatu - Statystyki

Ogólne statystyki
  • Ten quiz został rozwiązany 130 razy
  • Średni wynik to 13 z 20
Statystyki odpowiedzi
Województwo Liczba ludności Miasto % Poprawnych
kujawsko-pomorskie 72 786 Inowrocław
85%
wielkopolskie 68 943 Gniezno
76%
zachodniopomorskie 68 195 Stargard
73%
łódzkie 64 988 Pabianice
72%
świętokrzyskie 64 986 Ostrowiec Świętokrzyski
70%
opolskie 55 750 Kędzierzyn-Koźle
69%
łódzkie 56 690 Zgierz
69%
wielkopolskie 71 947 Ostrów Wielkopolski
68%
łódzkie 63 771 Tomaszów Mazowiecki
67%
świętokrzyskie 49 513 Starachowice
66%
podkarpackie 60 799 Stalowa Wola
64%
łódzkie 57 964 Bełchatów
63%
dolnośląskie 68 179 Głogów
63%
pomorskie 60 257 Tczew
63%
lubelskie 48 114 Puławy
60%
śląskie 57 961 Będzin
59%
łódzkie 46 409 Radomsko
56%
śląskie 61 361 Tarnowskie Góry
54%
śląskie 55 189 Racibórz
53%
śląskie 49 908 Zawiercie
53%
Nie znaleziono quizów pasujących do podanych kryteriów
Rozkład punktacji
Procent ludzi z każdym wynikiem
Percentyl według liczby udzielonych odpowiedzi
Twoja historia wyników
Nie rozwiązałeś tego quizu